| 000 | 00643nam a2200217 a 4500 | ||
|---|---|---|---|
| 001 | 45793 | ||
| 003 | BD-RjUL | ||
| 005 | 20211209054052.0 | ||
| 008 | 270716s1949 pk a 000 0 eng d | ||
| 035 | _a(BD-RjUL)45911 | ||
| 035 | _a2385685 | ||
| 040 |
_aANL _beng _cANL _dANL |
||
| 041 | _aeng | ||
| 082 | 0 | 4 |
_a330.954 _221 _bPKB 1949 |
| 110 | 1 |
_aPakistan. _bMinistry of Economic Affairs. _9140068 |
|
| 245 | 1 | 0 | _aBasic facts about Pakistan / |
| 260 |
_aKarachi : _bMinistry of Economic Affairs, Government of Pakistan, _c1949 |
||
| 300 |
_a44 p. : _bill. ; _c22 x 28 cm. |
||
| 651 | 0 |
_aPakistan _xEconomic conditions _9140069 |
|
| 942 |
_2ddc _cBK |
||
| 999 |
_c45793 _d45793 |
||